Lecturas de economía y ciencia política para educación media
El presente volumen contiene lecturas de economía y ciencia política seleccionadas como material de apoyo para los programas de esas dos asignaturas, diseñados por Cedetrabajo para el nivel de educación media.
Uloženo v:
| Další autoři: | |
|---|---|
| Médium: | Kniha |
| Jazyk: | Spanish |
| Vydáno: |
Bogotá:
Cedetrabajo,
1997
|
| Edice: | Cedetrabajo
|
| Témata: | |
| On-line přístup: | Enlace del recurso |
| Tagy: |
Přidat tag
Žádné tagy, Buďte první, kdo vytvoří štítek k tomuto záznamu!
|
MARC
| LEADER | 00000nam a2200000 a 4500 | ||
|---|---|---|---|
| 001 | 000567 | ||
| 008 | 040223s1997 ck # fr# #000|0#spa#d | ||
| 041 | 0 | |a spa | |
| 043 | |a s-ck--- | ||
| 082 | 0 | 4 | |a 330 |b L217l |
| 245 | 1 | 0 | |a Lecturas de economía y ciencia política para educación media |c Paul Samuelson ... [et al.] |
| 260 | |a Bogotá: |b Cedetrabajo, |c 1997 | ||
| 300 | |a 106 p. | ||
| 440 | 0 | |a Cedetrabajo | |
| 520 | 3 | |a El presente volumen contiene lecturas de economía y ciencia política seleccionadas como material de apoyo para los programas de esas dos asignaturas, diseñados por Cedetrabajo para el nivel de educación media. | |
| 650 | 1 | 4 | |a ECONOMÍA |z COLOMBIA |
| 650 | 1 | 4 | |a CIENCIAS POLÍTICAS |
| 700 | 1 | |a Samuelson, Paul | |
| 999 | |c 2719 |d 2719 | ||
| 856 | |u https://catalogo.idep.edu.co/cgi-bin/koha/opac-detail.pl?biblionumber=2719 |z Enlace del recurso | ||